Statistics for Türkiye'nin İlleri - Fare Avı!

Click here to take the quiz!

General Stats

  • This quiz has been taken 573 times
  • The average score is 6 of 10

Answers on the Map

Answers color-coded by a green-red scale on the quiz's map according to % correct below.
 

Answer Stats

% Correct
Ankara
98%
Muğla
85%
Konya
84%
Erzurum
82%
Bursa
79%
Istanbul
79%
Sivas
77%
Hatay
76%
Van
75%
İzmir
73%
Trabzon
73%
Çanakkale
71%
Kayseri
71%
Mardin
71%
Samsun
71%
Adana
70%
Denizli
69%
Edirne
68%
Tekirdağ
68%
Antalya
67%
Erzincan
66%
Balıkesir
65%
Kastamonu
65%
Mersin
65%
Aydın
63%
Kilis
63%
Rize
63%
Isparta
62%
Aksaray
61%
Kahramanmaraş
59%
Kırıkkale
59%
Kocaeli
59%
Hakkâri
58%
Bolu
57%
Nevşehir
56%
Sakarya
56%
Çorum
55%
Eskişehir
55%
Manisa
55%
Ağrı
54%
Ardahan
53%
Kars
53%
Diyarbakır
52%
Düzce
52%
Giresun
52%
Kütahya
52%
Tunceli
52%
Zonguldak
52%
Kırklareli
51%
Bartın
50%
Batman
50%
Bingöl
50%
Bitlis
50%
Malatya
50%
Şırnak
50%
Artvin
49%
Gaziantep
48%
Osmaniye
48%
Burdur
47%
Çankırı
47%
Tokat
47%
Uşak
47%
Iğdır
46%
Ordu
46%
Siirt
46%
Karaman
45%
Şanlıurfa
45%
Sinop
45%
Afyonkarahisar
44%
Muş
44%
Niğde
44%
Yozgat
43%
Amasya
42%
Bayburt
41%
Kırşehir
41%
Gümüşhane
40%
Adıyaman
39%
Karabük
36%
Elâzığ
35%
Bilecik
33%
Yalova
33%

Score Distribution

Percentile by Number Answered

Percent of People with Each Score

Your Score History

You have not taken this quiz